समाजद्रष्टा साहित्यकार रत्नकुमार सांभरिया (Record no. 57070)
[ view plain ]
| 000 -LEADER | |
|---|---|
| fixed length control field | 00597nam a22001577a 4500 |
| 003 - CONTROL NUMBER IDENTIFIER | |
| control field | macl |
| 005 - DATE AND TIME OF LATEST TRANSACTION | |
| control field | 20170929154629.0 |
| 008 - FIXED-LENGTH DATA ELEMENTS--GENERAL INFORMATION | |
| fixed length control field | 170929b xxu||||| |||| 00| 0 eng d |
| 040 ## - CATALOGING SOURCE | |
| Transcribing agency | macl |
| 082 ## - DEWEY DECIMAL CLASSIFICATION NUMBER | |
| Classification number | 800 |
| 100 ## - MAIN ENTRY--PERSONAL NAME | |
| Personal name | सं. डाॅ. राकेश रायपुरिया |
| 9 (RLIN) | 69292 |
| 245 ## - TITLE STATEMENT | |
| Title | समाजद्रष्टा साहित्यकार रत्नकुमार सांभरिया |
| 260 ## - PUBLICATION, DISTRIBUTION, ETC. (IMPRINT) | |
| Place of publication, distribution, etc. | जयपुर |
| Name of publisher, distributor, etc. | दृष्टि प्रकाशन |
| Date of publication, distribution, etc. | 2016 |
| 650 ## - SUBJECT ADDED ENTRY--TOPICAL TERM | |
| Topical term or geographic name as entry element | कहानी साहित्य |
| 9 (RLIN) | 69293 |
| 942 ## - ADDED ENTRY ELEMENTS (KOHA) | |
| Source of classification or shelving scheme | |
| Koha item type | Hindi Books |
| Withdrawn status | Lost status | Source of classification or shelving scheme | Damaged status | Not for loan | Home library | Current library | Date acquired | Cost, normal purchase price | Total Checkouts | Full call number | Barcode | Date last seen | Price effective from | Koha item type |
|---|---|---|---|---|---|---|---|---|---|---|---|---|---|---|
| MACL | MACL | 29/09/2017 | 100.00 | 800 | CRH032985 | 29/09/2017 | 29/09/2017 | Hindi Books |









